000 00267nam a2200109Ia 4500
008 220204s9999 xx 000 0 und d
082 _a0582000
_bMAN
245 0 _aManorama yearbook 2001
250 _aEd.36
260 _aKottayam
_bMalayala Manorama
_c2001
942 _cBK
999 _c41803
_d41803